000 00749nam a2200229Ia 4500
999 _c43066
_d43066
003 GCL
005 20240530103849.0
008 140319s9999 xx 000 0 ara d
040 _aGCL /
_cGCL
082 0 4 _a613.62
_bب ا
100 1 _aبسر ، س.
245 1 0 _aالامان الصناعى الوقاية من الحوادث الصناعية /
_cبسر ، س. ، كوبكية, ا.
260 _a[S.N] :
_bمؤسسة الاهرام
300 _a218 ص
490 _aالاسس التكنولوجية
_v0
650 0 4 _aالامن الصناعى
650 0 4 _aالامان الصناعى
650 0 4 _aاجهزة الامان
700 1 _aسى. بسر
700 1 _aمحمد عبدالمجيد نصار (مترجم)
942 _2ddc
_cBK